000 00835nam a22002297a 4500
001 6951
003 FISKH
005 20250611145005.0
008 250611b cb ||||| |||| 00| 0 eng d
020 _a9782013222730
040 _aFISKH
_bfre
_cFISKH
_dFISKH
050 _aPZ7.M4786574 I
082 _a823.914
100 _aKay, Hillary Mac
245 _aL'étoile d'Indigo /
_cBy Hillary Mac Kay
260 _aParis :
_bHachette jeunesse ,
_c2004.
300 _a254 pages :
_billustrations ;
_c18 cm .
490 _aCasson Family
_vBook 2
520 _aUn nouveau trimestre va démarrer pour la famille Casson : Indigo, Rose, Caddy et Saffy doivent retourner à l'école. Mais ce trimestre, il y a un nouveau dans la classe d'Indigo, Tom, et son arrivée va faire toute la différence
942 _2ddc
_cBK
_n0
999 _c6951
_d6951